| 000 | 00360nam a2200133 4500 | ||
|---|---|---|---|
| 082 |
_a891.4393 _bASH _cNust 1, P-46 |
||
| 100 |
_aAshfaq Ahmed _9651 |
||
| 245 | _aبند گلی | ||
| 260 |
_aLahore _bسنگ میل پبلی کیشنز _c1999 |
||
| 300 |
_a534p.; _c25cm. |
||
| 526 |
_a0 _b0 _c0 _d891_439300000000000_ASH |
||
| 650 |
_aNust _96342 |
||
| 942 |
_2ddc _cBK |
||
| 999 |
_c550284 _d550284 |
||